Criminología: teorías y pensamientos (Registro nro. 2863)
[ vista simple ]
| 000 -Cabecera | |
|---|---|
| Campo de control de longitud fija | 00816aam a2200301 4500 |
| 005 - Fecha y hora de la última transacción | |
| Campo de control | 20260224162358.0 |
| 008 - Elementos de longitud fija--Información general | |
| Campo de control de longitud fija | 150615b2011 xxu||||| |||| 00| 0 spa d |
| 020 ## - International Standard Book Number | |
| Número Internacional Estándar del Libro (ISBN) | 9786070906428 |
| 041 ## - Idioma | |
| Código de idioma | Español |
| 082 ## - Clasificación Decimal Dewey | |
| Número de clasificación | 364 M317c2 |
| 100 ## - Entrada principal--Autor personal | |
| Nombre personal | Marchiori, Hilda |
| 9 (RLIN) | 5011 |
| 245 ## - Título propiamente dicho | |
| Título | Criminología: teorías y pensamientos |
| 250 ## - Edición | |
| Mención de edición | 2 edición |
| 260 ## - Pie de imprenta | |
| Lugar de publicación, distribución, etc. | México |
| 260 ## - Pie de imprenta | |
| Nombre del editor, distribuidor, etc. | Editorial Porrúa |
| 260 ## - Pie de imprenta | |
| Fecha de publicación, distribución, etc. | 2011 |
| 300 ## - Descripción física | |
| Extensión | 261 páginas |
| 490 ## - Serie | |
| Título de la Serie | Investigación Criminal |
| 650 ## - Materia general | |
| Temática (materia general) | CRIMINOLOGÍA |
| 650 ## - Materia general | |
| Temática (materia general) | TEORÍAS CRIMINOLÓGICAS |
| 650 ## - Materia general | |
| Temática (materia general) | CRIMINOLOGÍA INTERACCIONISTA |
| 650 ## - Materia general | |
| Temática (materia general) | CRIMINOLOGÍA ORGANIZACIONAL |
| 650 ## - Materia general | |
| Temática (materia general) | PSICOANÁLISIS CRIMINAL |
| 650 ## - Materia general | |
| Temática (materia general) | ANTROPOLOGÍA CRIMINAL |
| 650 ## - Materia general | |
| Temática (materia general) | VICTIMOLOGÍA |
| 650 ## - Materia general | |
| Temática (materia general) | PREVENCIÓN DEL DELITO |
| 942 ## - Punto de acceso adicional KOHA | |
| Tipo de ítem KOHA | Libro |
| Fuente del sistema de clasificación o colocación | Dewey Decimal Classification |
| Signatura completa | Código de barras | Programa Académico | Tipo de ítem |
|---|---|---|---|
| 364 M317c2 | 16696 | Investigación Criminal | Libro |
| 364 M317c2 | 20434 | Investigación Criminal | Libro |